Normal view
MARC view
Entry Topical Term
001 - CONTROL NUMBER
- control field: 12781
003 - CONTROL NUMBER IDENTIFIER
- control field: ARRUPE
005 - DATE AND TIME OF LATEST TRANSACTION
- control field: 20141120173737.0
008 - FIXED-LENGTH DATA ELEMENTS
- fixed length control field: 141120|| aca||aabn | a|a d
040 ## - CATALOGING SOURCE
- Original cataloging agency: ARRUPE
- Transcribing agency: ARRUPE
150 ## - HEADING--TOPICAL TERM
- Topical term or geographic name as entry element: Paul vi
- General subdivision: Humanae vitae
670 ## - SOURCE DATA FOUND
- Source citation: Work cat.: (ARRUPE): Woodall, G J 2008 12780, Humanae vitae forty years on , 2008